Every Men's Royal Rumble Iron Man - Statistics

General Stats
  • This quiz has been taken 20 times
  • The average score is 24 of 39
Answer Stats
Year Wrestler Time % Correct
2006 Rey Mysterio 1:02:02
94%
2016 Roman Reigns 59:48
94%
Greatest Royal Rumble Daniel Bryan 1:16:07
88%
2010 John Cena 22:12
88%
2002 Steve Austin 26:47
82%
1997 Steve Austin 45:04
82%
2005 Chris Benoit 47:32
76%
2004 Chris Benoit 1:01:33
76%
2017 Chris Jericho 1:00:13
76%
2003 Chris Jericho 38:59
76%
2021 Edge 58:58
76%
2007 Edge 44:05
76%
2001 Kane 53:44
76%
1999 Mr. McMahon 56:39
76%
2019 Seth Rollins 43:00
76%
1995 Shawn Michaels 38:43
76%
1988 Bret Hart 25:45
71%
2023 Gunther 1:11:40
71%
1998 The Rock 51:31
71%
2009 Triple H 49:57
71%
1996 Triple H 48:05
71%
2014 CM Punk 49:13
65%
2011 CM Punk 35:22
65%
2024 Jey Uso 50:51
65%
1992 Ric Flair 59:32
65%
2020 Drew McIntyre 34:11
59%
2012 The Miz 45:39
59%
2022 AJ Styles 29:17
53%
2008 Batista 37:53
53%
2018 Finn Balor 57:38
53%
2013 Dolph Ziggler 49:47
47%
2025 Penta 42:04
47%
2015 Bray Wyatt 46:50
41%
1989 Mr. Perfect 27:56
35%
1990 Ted DiBiase 44:53
29%
1993 Bob Backlund 1:01:15
24%
1991 Rick Martel 52:30
24%
1994 Bam Bam Bigelow 30:14
12%
2000 Test 26:48
6%
No matching quizzes found
Score Distribution
Percent of People with Each Score
Percentile by Number Answered
Your Score History
You have not taken this quiz